000
00250nam a2200097Ia 4500
001
1206902
005
20250827022814.0
008
250824s9999 xx 000 0 und d
245
0
_a
MAVİ SÜRGÜN
_c
HALİKARNAS BALIKÇISI
260
_b
BİLGİ YAYINLARI
999
_c
1206902
_d
1206902